000
00433nam a22001457a 4500
020
_a
81-21-9-043-3-1
082
_a
339
100
_a
H.L.AHUJA
245
_a
Macroeconomics Theory and policy
250
_a
14th Revised ed
260
_a
New Delhi
_b
S.Chand
_c
2007
300
_a
778p
942
_c
BK
999
_c
3418
_d
3418